000 00712nam a22002057a 4500
003 BD-JhCC
005 20240510093511.0
008 171029s1383 ii |||| |||| 000 0 ben d
035 _a(BD-JhCC)
040 _aBD-JhCC
_dBD-JhCC
041 _aben
082 _a891.4409
_bALI1382
100 _aআলী, সৈয়দ মুজতবা
245 _aরচনাবলি /
_cসৈয়দ মুজতবা আলী।
260 _aকলকাতা :
_bমিত্র ও ঘোষ পাবলিশার্স প্রাই লিঃ ,
_c১৩৮৩ .
300 _a৪২৯ পৃ. :
_c২২ সেমি.
650 _aCollection of Bengali Essays
942 _2ddc
_cBK
999 _c2097
_d2097